000 00655nam a2200253 a 4500
003 AR-BaBNM
005 20251128202801.0
008 082120s2002 ||||||||||||||000 | spa||
040 _cAR-BaBNM
100 1 _aNuñez, Angel
245 0 0 _aLa obra narrativa de Roberto Arlt
260 _aBuenos Aires
_bNova
_c1968
300 _a95 p.
490 0 _aMinor Nova
500 _aContiene referencias bibliográficas en p. 97
650 4 _aLITERATURA ARGENTINA
650 4 _aSOCIOLOGIA CULTURAL
650 4 _aCRITICA LITERARIA
650 4 _aESCRITORES
650 4 _aLITERATURA CONTEMPORANEA
655 _aLITERATURA
942 _cBK
998 _cMARTIN
999 _c549
_d549